Combined Countries Quiz - Statistics

General Stats
  • This quiz has been taken 27 times
  • The average score is 8 of 15
Answer Stats
Country hint New country Country hint % Correct
"Land of the rising sun" Japanama Also the name of a canal
96%
Biggest country on the Iberian Peninsula Spaindonesia Its biggest island is Sumatra
75%
Southern neighbour of Egypt Sudangola Former African colony of Portugal
63%
Small island country in the Medditeranian Cyprussia Largest country by total area
58%
Its official languages are Hebrew and Arabic Israel Salvador Its English name means "the savior"
58%
Suspected to have nuclear weapons Irandorrra Small country situated in the Pyrenees
54%
Small country on the Balkan Montenegromania Transilvania is one of its regions
54%
Only country with a non-quadrilateral flag (not a rectangle) Nepalgeria Biggest country in Africa
54%
Host of the 2022 FIFA World Cup Qatarmenia Landlocked between Turkey, Azerbaijan, Iran and Georgia
54%
Land of tacos and sombreros Mexicomoros Small island country off the west coast of Mozambique
50%
Its capital is Rabat Moroccolombia Government signed a peace treaty with Farc in september 2012
50%
Country with the biggest population Chinamibia Country with the second lowest population density
46%
Officially abolished its army in 1948 Costa Ricambodia 96% of its population is Buddhist
38%
Small country beloning to Oceania that is only 459 km² Palaustria Country where The Sound of Music takes place
38%
Name of the country means "land of sincere/upright peope" Burkina Fasomalia Country associated with modern day piracy
21%
No matching quizzes found
Score Distribution
Percent of People with Each Score
Percentile by Number Answered
Your Score History
You have not taken this quiz